Information Literacy Applications in LIS/ (Record no. 199881)

MARC details
000 -LEADER
fixed length control field 00798nam a22002057a 4500
005 - DATE AND TIME OF LATEST TRANSACTION
control field 20240103112437.0
010 ## - LCCN (DPL NO)
LC control number B-756778-782
020 ## - INTERNATIONAL STANDARD BOOK NUMBER
International Standard Book Number 9789392594755
Terms of availability 900.00
035 ## - SYSTEM CONTROL NUMBER
System control number B-756778-782
037 ## - SOURCE OF ACQUISITION
Stock number Sunnvik Books
082 ## - DEWEY DECIMAL CLASSIFICATION NUMBER
Classification number 020
100 ## - MAIN ENTRY--PERSONAL NAME
Personal name Wesly, J. Jerome
245 ## - TITLE STATEMENT
Title Information Literacy Applications in LIS/
Statement of responsibility, etc By J. Jerome Wesly and P. Balasubramanian
260 ## - PUBLICATION, DISTRIBUTION, ETC. (IMPRINT)
Place of publication, distribution, etc New Delhi
Name of publisher, distributor, etc Ess Ess Publications
Date of publication, distribution, etc 2023
270 ## - ADDRESS
Address 4831/24, Ansari Road, Daryaganj
City New Delhi
Postal code 110002
300 ## - PHYSICAL DESCRIPTION
Extent 199p.
Dimensions 23cm(Hb)
700 ## - ADDED ENTRY--PERSONAL NAME
Personal name Balasubramanian, P.
Relator term Author
9 (RLIN) 60379
942 ## - ADDED ENTRY ELEMENTS (KOHA)
Source of classification or shelving scheme Dewey Decimal Classification
Item type English Books
Classification part 020
Call number suffix WES
Holdings
Withdrawn status Lost status Not for loan Collection code Home library Current library Date acquired Source of acquisition Cost, normal purchase price Full call number Barcode Copy number Cost, replacement price Koha item type
      Non-fiction Central Library Central Library 03/01/2024 Sunnvik Books /GST-IN4/30.11.23/52/23.11.23/7.12.23 900.00 020 WES B-756778 1 900.00 English Books
      Non-fiction Kasturba Gandhi Marg Kasturba Gandhi Marg 03/01/2024 Sunnvik Books /GST-IN4/30.11.23/52/23.11.23/7.12.23 900.00 020 WES B-756779 1 900.00 English Books
      Non-fiction Peshwa Road Peshwa Road 03/01/2024 Sunnvik Books /GST-IN4/30.11.23/52/23.11.23/7.12.23 900.00 020 WES B-756780 1 900.00 English Books
      Non-fiction Sarojini Nagar Sarojini Nagar 03/01/2024 Sunnvik Books /GST-IN4/30.11.23/52/23.11.23/7.12.23 900.00 020 WES B-756781 1 900.00 English Books
      Non-fiction Shahdara Branch Shahdara Branch 03/01/2024 Sunnvik Books /GST-IN4/30.11.23/52/23.11.23/7.12.23 900.00 020 WES B-756782 1 900.00 English Books

© Delhi Public Library
Hit Counter
free hit counter